[Event "Lausanne op"]
[Site "Lausanne"]
[Date "2007.09.15"]
[Round "3"]
[White "Muheim, Sebastien"]
[Black "Abbet, Jean Luc"]
[Result "1-0"]
[WhiteElo "1917"]
[BlackElo "2054"]
[PlyCount "59"]
[EventDate "2007.09.14"]
[EventType "swiss"]
[EventRounds "7"]
[EventCountry "SUI"]
[SourceTitle "CBM 120 Extra"]
[Source "ChessBase"]
[SourceDate "2007.11.01"]
[SourceVersion "1"]
[SourceVersionDate "2007.11.01"]
[SourceQuality "1"]

1. d4 d5 2. c4 c6 3. Nf3 Nf6 4. e3 e6 5. Bd3 Bd6 6. Nc3 Nbd7 7. 0-0 0-0 8. Qc2 dxc4 9. Bxc4 e5 10. Ne2 Qe7 11. Ng3 Nb6 12. dxe5 Bxe5 13. Nxe5 Qxe5 14. Bd3 Nbd5 15. a3 a5 16. f4 Qc7 17. e4 Ne7 18. e5 Nfd5 19. Bxh7+ Kh8 20. Be4 b6 21. Qe2 f5 22. Bd3 g6 23. h4 Kg7 24. b3 Be6 25. Bb2 Rf7 26. h5 Rh8 27. hxg6 Kxg6 28. Qg4+ Kh7 29. Kf2 Rg7 30. Qh5+ 1-0